Estudio de señalización vial del tramo de carretera km 166 al km 178 NIC – 07 empalme de Lovago – Santo Tomas, Chontales
La investigación aborda la señalización vial es fundamental para regular, prevenir y orientar a los usuarios de las vías; la circulación o tránsito según las circunstancias de la trayectoria por las carreteras y vías rápidas son más peligrosas por las altas velocidades y las situaciones de...
| Main Authors: | , , |
|---|---|
| Other Authors: | |
| Format: | Tesis Section = Libro |
| Language: | Undetermined Spanish |
| Published: |
Managua
UNI
2021
|
| Subjects: |
| LEADER | 01610nam a2200265Ia 4500 | ||
|---|---|---|---|
| 008 | 240830s9999 xx 000 0 und d | ||
| 040 | |a BIBLIOTECA-RUPAP Mon 388.3122 D542 | ||
| 041 | |a spa | ||
| 082 | |a Mon 388.3122 D542 | ||
| 100 | 1 | |a Diaz Diaz, Ibsen Jurielkis | |
| 100 | 1 | |b Diaz Diaz, Fidias Jasef | |
| 100 | 1 | |c Suarez Picado, Jordanny Alejandro | |
| 245 | 1 | 0 | |a Estudio de señalización vial del tramo de carretera km 166 al km 178 NIC – 07 empalme de Lovago – Santo Tomas, Chontales |
| 260 | |a Managua |b UNI |c 2021 | ||
| 300 | |a 103 p. :il. | ||
| 500 | |a Contiene: anexos y CD. | ||
| 502 | |a Tesis (Ingeniero Civil) - UNI, 2021. | ||
| 520 | 3 | |a La investigación aborda la señalización vial es fundamental para regular, prevenir y orientar a los usuarios de las vías; la circulación o tránsito según las circunstancias de la trayectoria por las carreteras y vías rápidas son más peligrosas por las altas velocidades y las situaciones desfavorables en los entornos, produciendo colisiones de frente fatales, motivos que obligan a definir un sistema de señalización muy profesional y responsable, que permita su visibilidad, interpretación y tiempo de reaccionar para evitar los peligros y ajustar el manejo a las circunstancias previstas. La accidentalidad se refleja como uno de los estudios más importantes en la Ingeniería de tránsito. | |
| 650 | 7 | |a SEÑALES DE TRANSITO | |
| 650 | 7 | |b ACCIDENTES DE TRANSITO-NICARAGUA | |
| 650 | 7 | |c CONTROL DE TRANSITO | |
| 700 | 1 | |a Tutor: |b Bustamante Arteaga, José Fernando | |
| 942 | |c BK |2 ddc | ||
| 991 | |a TESIS | ||
| 999 | |c 19063 | ||